| 000 | 00693nam a22002297a 4500 | ||
|---|---|---|---|
| 005 | 20170124110201.0 | ||
| 010 | _aA-933426 | ||
| 020 |
_c75.00 _a8120311566 |
||
| 035 | _aA-933426 | ||
| 037 | _bCen Lib/Ret | ||
| 040 |
_aDPL _bEN |
||
| 082 |
_a005.3 _bIVE |
||
| 100 |
_aIvens, Kathy _936094 |
||
| 245 |
_a10 minute guide to micro soft exchange 4.0 / _cby Kathy Ivens |
||
| 260 |
_bPrentice hall of India _aNew Delhi _c1997 |
||
| 270 |
_aM-98, Connaught circus _bNew Delhi _e110001 |
||
| 300 |
_aix,187p.: _c19cm(Hb) _bill. |
||
| 500 | _aIncludes index | ||
| 650 |
_aComputer science _936095 |
||
| 650 |
_aComputer software _936096 |
||
| 942 |
_2ddc _cEN _h005.3 _mIVE |
||
| 999 |
_c132906 _d132906 |
||